[Event "Islandia ch 2009"]
[Site "Bolungarvik ISL"]
[Date "2009.09.04"]
[Round "4.6"]
[White "Thorfinnsson, Bragi"]
[Black "Danielsen, Henrik"]
[Result "1-0"]
[PlyCount "75"]
[EventDate "2009.09.01"]
[EventType "tourn"]
[EventRounds "11"]
[EventCountry "ISL"]
[EventCategory "5"]
[Source "lmi"]
[SourceDate "2009.09.01"]
[WhiteElo "2360"]
[BlackElo "2473"]

1. d4 Nf6 2. c4 g6 3. Nc3 Bg7 4. e4 d6 5. Nf3 O-O 6. h3 e5 7. d5 a5 8. Bg5 Qe8
9. g4 Kh8 10. Qd2 Ng8 11. Be2 Na6 12. O-O-O f5 13. gxf5 gxf5 14. exf5 Bxf5 15.
Nh4 Nc5 16. Nxf5 Rxf5 17. Be3 e4 18. Rdg1 Qf7 19. Rg2 Ne7 20. Rhg1 Be5 21. Kb1
c6 22. Bg4 Rf6 23. Bxc5 dxc5 24. Be6 Rxe6 25. dxe6 Qxe6 26. Nxe4 Qxc4 27. Rg4
Rf8 28. Ng5 Bd4 29. Rf4 Nf5 30. Nf3 a4 31. Nh4 Rg8 32. Rxg8+ Kxg8 33. Nxf5 Qf1+
34. Kc2 Qc4+ 35. Kb1 Qf1+ 36. Qc1 Qd3+ 37. Ka1 Be5 38. Qc4+ 1-0

[Event "Islandia ch 2009"]
[Site "Bolungarvik ISL"]
[Date "2009.09.05"]
[Round "5.2"]
[White "Arngrimsson, Dagur"]
[Black "Thorfinnsson, Bragi"]
[Result "1-0"]
[PlyCount "53"]
[EventDate "2009.09.01"]
[EventType "tourn"]
[EventRounds "11"]
[EventCountry "ISL"]
[EventCategory "5"]
[Source "lmi"]
[SourceDate "2009.09.01"]
[WhiteElo "2396"]
[BlackElo "2360"]

1. e4 c5 2. Nf3 d6 3. d4 cxd4 4. Nxd4 Nf6 5. Nc3 a6 6. Bc4 e6 7. Bb3 b5 8. Bg5
Be7 9. Qf3 Qb6 10. O-O Nbd7 11. Rad1 b4 12. Bxf6 Nxf6 13. Ba4+ Kf8 14. e5 Bb7
15. Bc6 Bxc6 16. Nxc6 bxc3 17. Nxe7 Kxe7 18. Rxd6 Qb5 19. Qxc3 Nd5 20. Qd4 Rac8
21. Qh4+ Ke8 22. c4 g5 23. Rxe6+ Kd7 24. Rd6+ Ke8 25. cxb5 gxh4 26. Rxd5 axb5
27. Rxb5 1-0

[Event "Islandia ch 2009"]
[Site "Bolungarvik ISL"]
[Date "2009.09.05"]
[Round "5.3"]
[White "Lagerman, Robert"]
[Black "Olafsson, David"]
[Result "1/2-1/2"]
[PlyCount "52"]
[EventDate "2009.09.01"]
[EventType "tourn"]
[EventRounds "11"]
[EventCountry "ISL"]
[EventCategory "5"]
[Source "lmi"]
[SourceDate "2009.09.01"]
[WhiteElo "2351"]
[BlackElo "2327"]

1. e4 d5 2. exd5 Nf6 3. d4 Nxd5 4. Nf3 g6 5. Be2 Bg7 6. O-O O-O 7. c4 Nb6 8.
Nc3 Bg4 9. Be3 Nc6 10. d5 Bxf3 11. Bxf3 Ne5 12. c5 Nbc4 13. Bc1 b6 14. b3 Nxf3+
15. Qxf3 Ne5 16. Qg3 bxc5 17. Bf4 Ng4 18. Rac1 Nf6 19. Bxc7 Qd7 20. Be5 Qf5 21.
Rfe1 Rfd8 22. h3 Rac8 23. Qe3 Nxd5 24. Nxd5 Rxd5 25. Bxg7 Kxg7 26. Qxe7 Rd2
1/2-1/2

[Event "Islandia ch 2009"]
[Site "Bolungarvik ISL"]
[Date "2009.09.05"]
[Round "5.4"]
[White "Gunnarsson, Jon Viktor"]
[Black "Johannesson, Ingvar Thor"]
[Result "1/2-1/2"]
[PlyCount "162"]
[EventDate "2009.09.01"]
[EventType "tourn"]
[EventRounds "11"]
[EventCountry "ISL"]
[EventCategory "5"]
[Source "lmi"]
[SourceDate "2009.09.01"]
[WhiteElo "2462"]
[BlackElo "2323"]

1. e4 e6 2. d4 d5 3. Nc3 Bb4 4. e5 c5 5. Bd2 cxd4 6. Nb5 Bc5 7. Qg4 Kf8 8. b4
Be7 9. Nxd4 Nc6 10. Nxc6 bxc6 11. Nf3 f5 12. Qf4 Nh6 13. Bd3 Nf7 14. h4 Qc7 15.
c4 Bd7 16. Bc3 h5 17. Rh3 g6 18. Rg3 Rg8 19. Rc1 Qb7 20. a3 Rg7 21. Qd2 Kg8 22.
Bd4 a5 23. c5 axb4 24. axb4 Kh7 25. Kf1 Rgg8 26. Kg1 Ra4 27. Bc3 Rga8 28. Bb1
Qb8 29. Re1 Qd8 30. Rh3 Bf8 31. Nd4 Bh6 32. f4 Qc7 33. Rf3 Qc8 34. Bc2 R4a7 35.
Rff1 Bf8 36. Rb1 Be7 37. g3 Nh6 38. Bd3 Qd8 39. Be2 Kg7 40. Ra1 Rxa1 41. Rxa1
Rxa1+ 42. Bxa1 Qa8 43. Bc3 Kf7 44. Qb2 Ke8 45. Kf1 Nf7 46. Ke1 Nd8 47. Kd2 Nb7
48. Kc2 Qa4+ 49. Kd2 Nd8 50. Qb3 Qa8 51. Kc2 Bc8 52. Kb2 Qa7 53. Qa3 Qxa3+ 54.
Kxa3 Kd7 55. Ka4 Kc7 56. Bb2 Kb7 57. Ba3 Bd7 58. Bd3 Ka7 59. b5 Kb7 60. Bb4 Kc8
61. Ka5 Kb7 62. Ba3 Bf8 63. b6 Kb8 64. Kb4 Nb7 65. Nb3 Be7 66. Kc3 Bf8 67. Kd4
Be7 68. Bb4 Bf8 69. Nd2 Be7 70. Ba6 Be8 71. Bd3 Bd7 72. Bc2 Be8 73. Ba4 Bd7 74.
Nb3 Bf8 75. Kc3 Be7 76. Ba3 Bf8 77. Kd4 Be7 78. Bb4 Bf8 79. Nc1 Be7 80. Nd3 Bf8
81. Bd2 Be7 1/2-1/2

[Event "Islandia ch 2009"]
[Site "Bolungarvik ISL"]
[Date "2009.09.05"]
[Round "5.5"]
[White "Bjornsson, Sigurbjorn"]
[Black "Gislason, Gudmundur"]
[Result "1/2-1/2"]
[PlyCount "118"]
[EventDate "2009.09.01"]
[EventType "tourn"]
[EventRounds "11"]
[EventCountry "ISL"]
[EventCategory "5"]
[Source "lmi"]
[SourceDate "2009.09.01"]
[WhiteElo "2287"]
[BlackElo "2348"]

1. e4 c5 2. Nf3 d6 3. d4 cxd4 4. Nxd4 Nf6 5. Nc3 a6 6. Be3 e5 7. Nb3 Be6 8. f3
Nbd7 9. g4 h6 10. Qd2 b5 11. O-O-O Nb6 12. Qf2 Nfd7 13. Kb1 Nc4 14. Bc1 Rc8 15.
Nd5 Bxd5 16. exd5 Ndb6 17. h4 Na4 18. Bd3 Be7 19. g5 g6 20. f4 exf4 21. Qxf4 h5
22. Nd4 Ne5 23. Rhe1 O-O 24. Nf5 Nc5 25. Nxe7+ Qxe7 26. Bf1 Qc7 27. Bh3 Ncd7
28. Rd2 Qc5 29. Rde2 Rc7 30. Be3 Qxd5 31. Bg2 Qc4 32. Bd4 Rfc8 33. b3 Qe6 34.
Bb2 Qg4 35. Qf2 Qe6 36. Qd4 Qf5 37. Be4 Qe6 38. Bd5 Qg4 39. Bxf7+ Kxf7 40. Qxd6
Qf5 41. Qd5+ Kf8 42. Bxe5 Nxe5 43. Qxe5 Qxe5 44. Rxe5 Rxc2 45. Rf1+ Kg8 46. Re6
R8c6 47. Rxg6+ Rxg6 48. Kxc2 Rc6+ 49. Kd3 Kg7 50. Rf2 Rc1 51. Kd4 Rh1 52. Rf4
Ra1 53. Rf2 Rh1 54. Rf4 Ra1 55. Rf6 Rxa2 56. Rh6 a5 57. Rxh5 a4 58. bxa4 Rxa4+
59. Kc5 Ra6 1/2-1/2

[Event "Islandia ch 2009"]
[Site "Bolungarvik ISL"]
[Date "2009.09.05"]
[Round "5.6"]
[White "Kjartansson, Gudmundur"]
[Black "Thorhallsson, Throstur"]
[Result "0-1"]
[PlyCount "67"]
[EventDate "2009.09.01"]
[EventType "tourn"]
[EventRounds "11"]
[EventCountry "ISL"]
[EventCategory "5"]
[Source "lmi"]
[SourceDate "2009.09.01"]
[WhiteElo "2413"]
[BlackElo "2433"]

1. c4 e6 2. Nc3 d5 3. d4 Nf6 4. Nf3 c6 5. e3 Nbd7 6. Bd3 dxc4 7. Bxc4 b5 8. Bd3
a6 9. e4 c5 10. e5 cxd4 11. Nxb5 axb5 12. exf6 gxf6 13. O-O Qb6 14. Qe2 Rg8 15.
Bf4 Bd6 16. Bxd6 Qxd6 17. Qe4 Rb8 18. Qxh7 Kf8 19. Rad1 Nc5 20. Be4 e5 21. Nh4
Nxe4 22. Qxe4 Qe6 23. Qh7 Qg4 24. f4 Bb7 25. Rd2 Qg7 26. Qd3 Qg4 27. Qh7 Qg7
28. Qc2 Rc8 29. Qb3 Qg4 30. Qxb5 Be4 31. Re2 Qxh4 32. Qb4+ Ke8 33. Qb3 Qg4 34.
Qg3 0-1

[Event "Islandia ch 2009"]
[Site "Bolungarvik ISL"]
[Date "2009.09.06"]
[Round "6.1"]
[White "Ornolfsson, Magnus Palmi"]
[Black "Thorhallsson, Throstur"]
[Result "1/2-1/2"]
[PlyCount "115"]
[EventDate "2009.09.01"]
[EventType "tourn"]
[EventRounds "11"]
[EventCountry "ISL"]
[EventCategory "5"]
[Source "lmi"]
[SourceDate "2009.09.01"]
[WhiteElo "2214"]
[BlackElo "2433"]

1. e4 d5 2. exd5 Nf6 3. Nf3 Nxd5 4. d4 g6 5. Be2 Bg7 6. O-O O-O 7. c4 Nb6 8. h3
Nc6 9. Be3 e5 10. dxe5 Nxe5 11. Nxe5 Bxe5 12. Qb3 Be6 13. Nd2 f5 14. Nf3 Bf6
15. Rfd1 Qe7 16. Bd4 Rae8 17. a4 c5 18. Bxf6 Rxf6 19. a5 Nc8 20. Ng5 Nd6 21.
Nxe6 Rxe6 22. Bf3 Ne4 23. Bxe4 Rxe4 24. Qc3 Rd8 25. Rxd8+ Qxd8 26. Qb3 Qe7 27.
Qc3 Qd6 28. Rc1 Re2 29. Re1 Rxe1+ 30. Qxe1 Kf7 31. Qc3 Qd1+ 32. Kh2 Qd6+ 33.
Kg1 Qd1+ 34. Kh2 Qd6+ 35. Kg1 Qf6 36. Qb3 b6 37. axb6 axb6 38. Qb5 Qe6 39. Kf1
h5 40. Qb3 Qe4 41. f3 Qd4 42. Qxb6 Qxc4+ 43. Kf2 Qd4+ 44. Kf1 h4 45. b3 Kg7 46.
Qb8 Kh6 47. f4 Qa1+ 48. Kf2 Qb2+ 49. Kf1 c4 50. Qf8+ Kh5 51. bxc4 Qc1+ 52. Kf2
Qxf4+ 53. Kg1 Qd4+ 54. Kh2 Qxc4 55. Qh8+ Kg5 56. Qd8+ Kh6 57. Qh8+ Kg5 58. Qd8+
1/2-1/2

[Event "Islandia ch 2009"]
[Site "Bolungarvik ISL"]
[Date "2009.09.06"]
[Round "6.2"]
[White "Gislason, Gudmundur"]
[Black "Kjartansson, Gudmundur"]
[Result "1/2-1/2"]
[PlyCount "267"]
[EventDate "2009.09.01"]
[EventType "tourn"]
[EventRounds "11"]
[EventCountry "ISL"]
[EventCategory "5"]
[Source "lmi"]
[SourceDate "2009.09.01"]
[WhiteElo "2348"]
[BlackElo "2413"]

1. d4 Nf6 2. g3 e6 3. Bg2 d5 4. Nf3 Be7 5. O-O O-O 6. c4 dxc4 7. Qa4 a6 8. Qxc4
b5 9. Qc2 Bb7 10. Bf4 Nc6 11. Rd1 Nb4 12. Qc1 Rc8 13. Nc3 Ne4 14. a4 Nxc3 15.
bxc3 Nd5 16. axb5 axb5 17. Rb1 c5 18. e4 Nxf4 19. Qxf4 Qc7 20. Qxc7 Rxc7 21. d5
Rd8 22. Rxb5 exd5 23. exd5 Rxd5 24. Rdb1 Bc8 25. Rb8 g6 26. Nd4 cxd4 27. Bxd5
dxc3 28. Bb3 Kg7 29. Bc2 Bg5 30. Ra8 Bd2 31. Rbb8 Bh3 32. Rg8+ Kf6 33. Ra6+ Ke7
34. Rga8 Be6 35. R8a7 Rxa7 36. Rxa7+ Kf6 37. Kf1 Bc4+ 38. Kg2 Bd5+ 39. f3 h6
40. Kf2 Be6 41. Ke2 Bc4+ 42. Bd3 Be6 43. Rc7 Ke5 44. Rb7 Kf6 45. Kd1 Bd5 46.
Rb6+ Ke5 47. Ke2 Be6 48. Ra6 Kd4 49. Ra4+ Kc5 50. h4 Bb3 51. Re4 Bd5 52. Re8
Kd4 53. Bc2 Bc4+ 54. Kf2 Bd5 55. f4 Be6 56. Rd8+ Kc5 57. Kf3 h5 58. Rb8 Kd6 59.
Rb5 Bd5+ 60. Kf2 Be6 61. Be4 Ke7 62. Rb6 Kf6 63. Rc6 Kg7 64. Rc7 Kf6 65. Ke2
Kg7 66. Kf2 Kf6 67. Kf1 Kg7 68. Ke2 Kf6 69. Rc5 Bg4+ 70. Kf2 Be6 71. Bc2 Bg4
72. Bb3 Bf5 73. Rc7 Be6 74. Rc6 Kf5 75. Bxe6+ fxe6 76. Kf3 Be1 77. Rc7 Kf6 78.
g4 hxg4+ 79. Kxg4 Bd2 80. Rc5 Be1 81. h5 gxh5+ 82. Kxh5 Bf2 83. Rxc3 Kf5 84.
Rf3 Be1 85. Re3 Bd2 86. Re5+ Kxf4 87. Rxe6 Kf5 88. Re2 Bg5 89. Rf2+ Bf4 90. Rf3
Ke4 91. Kg4 Bd6 92. Rf5 Be5 93. Rf1 Bd6 94. Re1+ Kd5 95. Kf5 Bc7 96. Rd1+ Kc6
97. Ke6 Bf4 98. Rd4 Bc7 99. Rc4+ Kb7 100. Kd7 Bb8 101. Rc3 Ba7 102. Rb3+ Ka8
103. Kc6 Bb8 104. Kd7 Ba7 105. Ra3 Kb7 106. Rc3 Bb8 107. Rb3+ Ka8 108. Kc8 Ba7
109. Kc7 Bd4 110. Rb4 Ba7 111. Rb5 Bg1 112. Rb8+ Ka7 113. Rg8 Bh2+ 114. Kc6 Bb8
115. Rf8 Ka8 116. Rf3 Ba7 117. Kb5 Kb7 118. Rf7+ Ka8 119. Ka6 Bb8 120. Rh7 Bg3
121. Ra7+ Kb8 122. Rg7 Bf2 123. Rg2 Be3 124. Re2 Bg1 125. Re8+ Kc7 126. Re1 Bf2
127. Rb1 Kc6 128. Rf1 Be3 129. Rf3 Bd4 130. Rd3 Kc5 131. Ka5 Kc4 132. Rd1 Be3
133. Ka4 Bf4 134. Rd8 1/2-1/2

[Event "Islandia ch 2009"]
[Site "Bolungarvik ISL"]
[Date "2009.09.06"]
[Round "6.3"]
[White "Johannesson, Ingvar Thor"]
[Black "Bjornsson, Sigurbjorn"]
[Result "1/2-1/2"]
[PlyCount "52"]
[EventDate "2009.09.01"]
[EventType "tourn"]
[EventRounds "11"]
[EventCountry "ISL"]
[EventCategory "5"]
[Source "lmi"]
[SourceDate "2009.09.01"]
[WhiteElo "2323"]
[BlackElo "2287"]

1. Nf3 g6 2. c4 Bg7 3. g3 d6 4. Bg2 e5 5. Nc3 Nc6 6. d3 f5 7. O-O Nf6 8. Rb1
O-O 9. b4 h6 10. b5 Ne7 11. a4 Be6 12. a5 Rc8 13. Bd2 Qd7 14. Ne1 b6 15. Nc2 g5
16. Nb4 f4 17. Ncd5 Nexd5 18. Nxd5 Rce8 19. Nxf6+ Bxf6 20. axb6 axb6 21. Bc6
Qf7 22. Bxe8 Qxe8 23. e4 Bh3 24. f3 Bxf1 25. Qxf1 g4 26. fxg4 fxg3 1/2-1/2

[Event "Islandia ch 2009"]
[Site "Bolungarvik ISL"]
[Date "2009.09.06"]
[Round "6.4"]
[White "Olafsson, David"]
[Black "Gunnarsson, Jon Viktor"]
[Result "0-1"]
[PlyCount "144"]
[EventDate "2009.09.01"]
[EventType "tourn"]
[EventRounds "11"]
[EventCountry "ISL"]
[EventCategory "5"]
[Source "lmi"]
[SourceDate "2009.09.01"]
[WhiteElo "2327"]
[BlackElo "2462"]

1. e4 c5 2. Nf3 d6 3. d4 cxd4 4. Nxd4 Nf6 5. Nc3 a6 6. Be2 e5 7. Nb3 Be7 8. Bg5
Be6 9. Bxf6 Bxf6 10. Qd3 Nc6 11. Nd5 O-O 12. O-O Rc8 13. c3 Bxd5 14. Qxd5 Qc7
15. Rad1 Rfd8 16. Bg4 Rb8 17. Bf3 b5 18. g3 a5 19. h4 b4 20. Rc1 Qb6 21. Nd2
bxc3 22. bxc3 Ne7 23. Qd3 Rbc8 24. Rfd1 Qc5 25. Nf1 Rc6 26. Ne3 g6 27. Rc2 h5
28. Rb1 Rdc8 29. Be2 Bg7 30. Rb5 Qa7 31. c4 Bh6 32. Nd5 Nxd5 33. Qxd5 Rc5 34.
Qb7 Qxb7 35. Rxb7 R8c7 36. Rcb2 Rxb7 37. Rxb7 Kf8 38. Kg2 Bd2 39. Kh3 Bc3 40.
g4 hxg4+ 41. Kxg4 Kg7 42. h5 Rc8 43. hxg6 Kxg6 44. Rd7 Bb4 45. f4 Kf6 46. f5
Bc5 47. Kg3 Rh8 48. a4 Rh1 49. Bg4 Ra1 50. Bh5 Kg5 51. Bxf7 Rxa4 52. Bd5 Ra3+
53. Kg2 Kf4 54. Rg7 Ra2+ 55. Kh3 Ra3+ 56. Kh2 Ra2+ 57. Kh3 Ra3+ 58. Kh4 Bf2+
59. Kh5 Rh3+ 60. Kg6 Rg3+ 61. Kf7 Rxg7+ 62. Kxg7 a4 63. Kf6 a3 64. Ke6 Bh4 65.
c5 dxc5 66. f6 Bxf6 67. Kxf6 c4 68. Bxc4 Kxe4 69. Kg5 Kd4 70. Ba2 e4 71. Kf4 e3
72. Bb1 e2 0-1

[Event "Islandia ch 2009"]
[Site "Bolungarvik ISL"]
[Date "2009.09.06"]
[Round "6.5"]
[White "Thorfinnsson, Bragi"]
[Black "Lagerman, Robert"]
[Result "1-0"]
[PlyCount "79"]
[EventDate "2009.09.01"]
[EventType "tourn"]
[EventRounds "11"]
[EventCountry "ISL"]
[EventCategory "5"]
[Source "lmi"]
[SourceDate "2009.09.01"]
[WhiteElo "2360"]
[BlackElo "2351"]

1. Nf3 c5 2. c4 g6 3. d4 Bg7 4. Nc3 cxd4 5. Nxd4 Nc6 6. e3 Nf6 7. Nc2 O-O 8.
Be2 d6 9. O-O Bd7 10. e4 a5 11. Be3 a4 12. Na3 Qa5 13. h3 Rfc8 14. Nd5 Nxd5 15.
cxd5 Nb4 16. Nc4 Rxc4 17. Bxc4 Rc8 18. Be2 Bxb2 19. Rb1 a3 20. Bd2 Qc5 21. Qb3
Nc2 22. Bd3 Nd4 23. Qd1 Bb5 24. Bxb5 Qxb5 25. Qg4 Rc2 26. Bh6 Ne2+ 27. Kh1 Qe8
28. Qf3 Qc8 29. Rbe1 Qc4 30. Qg4 Bg7 31. Bg5 h5 32. Qd7 f6 33. Qe6+ Kf8 34. Be3
b5 35. Bb6 Nf4 36. Qd7 Qc8 37. Qxb5 Nxh3 38. Be3 Ng5 39. Qd3 Qg4 40. Bxg5 1-0

[Event "Islandia ch 2009"]
[Site "Bolungarvik ISL"]
[Date "2009.09.06"]
[Round "6.6"]
[White "Danielsen, Henrik"]
[Black "Arngrimsson, Dagur"]
[Result "1-0"]
[PlyCount "115"]
[EventDate "2009.09.01"]
[EventType "tourn"]
[EventRounds "11"]
[EventCountry "ISL"]
[EventCategory "5"]
[Source "lmi"]
[SourceDate "2009.09.01"]
[WhiteElo "2473"]
[BlackElo "2396"]

1. g3 Nf6 2. Bg2 d5 3. f4 g6 4. Nf3 Bg7 5. O-O O-O 6. d3 b6 7. Nc3 Bb7 8. Nh4
Ng4 9. e3 f5 10. h3 Nf6 11. g4 e6 12. Qe1 fxg4 13. hxg4 Nxg4 14. Bh3 Nxe3 15.
Bxe3 d4 16. Bxe6+ Kh8 17. Qg3 Bf6 18. Nxg6+ hxg6 19. Qxg6 Rg8 20. Bxg8 Qxg8 21.
Qxg8+ Kxg8 22. Bd2 dxc3 23. Bxc3 Nd7 24. Bxf6 Nxf6 25. Kf2 Kf7 26. Rae1 Ng4+
27. Kg3 Rg8 28. Rg1 c5 29. Kh4 Bc8 30. a3 Bf5 31. Re2 Rh8+ 32. Kg3 Rg8 33. Kf3
Bd7 34. Ree1 Bc6+ 35. Ke2 Re8+ 36. Kd2 Rxe1 37. Rxe1 Kf6 38. Re2 a5 39. c4 Kf5
40. Re7 Kxf4 41. Re6 Ne5 42. Kc3 a4 43. Rf6+ Ke3 44. Rd6 Kf4 45. Rh6 Ke3 46.
Rf6 b5 47. Re6 Kf4 48. d4 cxd4+ 49. Kxd4 Nf3+ 50. Kc5 Be4 51. cxb5 Ne5 52. Kd4
Nf3+ 53. Kc3 Bd5 54. Ra6 Bb3 55. b6 Ne5 56. b7 Nd7 57. Rd6 Nb8 58. Rd8 1-0

[Event "Islandia ch 2009"]
[Site "Bolungarvik ISL"]
[Date "2009.09.07"]
[Round "7.1"]
[White "Arngrimsson, Dagur"]
[Black "Ornolfsson, Magnus Palmi"]
[Result "1-0"]
[PlyCount "57"]
[EventDate "2009.09.01"]
[EventType "tourn"]
[EventRounds "11"]
[EventCountry "ISL"]
[EventCategory "5"]
[Source "lmi"]
[SourceDate "2009.09.01"]
[WhiteElo "2396"]
[BlackElo "2214"]

1. e4 e6 2. b3 d5 3. Bb2 dxe4 4. Nc3 Nf6 5. Qe2 Nbd7 6. O-O-O Be7 7. g4 O-O 8.
g5 Nd5 9. h4 Nxc3 10. dxc3 c6 11. Qxe4 Qa5 12. Kb1 Nc5 13. Qf3 Qb6 14. c4 e5
15. Qe3 Bg4 16. Be2 Bxe2 17. Nxe2 Rfe8 18. Ng3 Bf8 19. Nf5 Rad8 20. Rdg1 g6 21.
h5 gxf5 22. g6 f4 23. gxh7+ Kxh7 24. Qh3 Ne6 25. Qf5+ Kh8 26. Qxe5+ Ng7 27. h6
Rd1+ 28. Bc1 Kg8 29. Rxg7+ 1-0

[Event "Islandia ch 2009"]
[Site "Bolungarvik ISL"]
[Date "2009.09.07"]
[Round "7.2"]
[White "Lagerman, Robert"]
[Black "Danielsen, Henrik"]
[Result "0-1"]
[PlyCount "106"]
[EventDate "2009.09.01"]
[EventType "tourn"]
[EventRounds "11"]
[EventCountry "ISL"]
[EventCategory "5"]
[Source "lmi"]
[SourceDate "2009.09.01"]
[WhiteElo "2351"]
[BlackElo "2473"]

1. e4 d6 2. d4 Nf6 3. Bd3 g6 4. c3 Bg7 5. Nf3 Nbd7 6. O-O e5 7. Nbd2 O-O 8. Re1
b6 9. Nf1 Bb7 10. Ng3 c6 11. b3 Re8 12. Bb2 Qc7 13. Qc2 Rad8 14. Rad1 a6 15. h3
Qb8 16. Qb1 b5 17. c4 exd4 18. Bxd4 Ne5 19. Nxe5 dxe5 20. Bc3 Qc7 21. b4 Nd7
22. c5 a5 23. a3 Bc8 24. Qb2 a4 25. Bb1 Nf8 26. Ba2 Be6 27. Ne2 Rxd1 28. Rxd1
Rd8 29. Rxd8 Qxd8 30. Bxe6 Qd1+ 31. Kh2 Nxe6 32. Qd2 Qxd2 33. Bxd2 Nd4 34. Nc3
Kf8 35. Kg1 f5 36. f3 Nb3 37. Be3 f4 38. Bf2 Nd2 39. Be1 Nc4 40. Nb1 Bf6 41.
Bf2 Kg7 42. Kf1 Kh6 43. Ke2 Kh5 44. Be1 Bh4 45. Bc3 Kg5 46. Nd2 Nxa3 47. Bxe5
Nc2 48. Bc3 Kh5 49. Kd3 Ne3 50. Kd4 Be1 51. Nb1 Nc2+ 52. Ke5 a3 53. Kd6 a2 0-1

[Event "Islandia ch 2009"]
[Site "Bolungarvik ISL"]
[Date "2009.09.07"]
[Round "7.3"]
[White "Gunnarsson, Jon Viktor"]
[Black "Thorfinnsson, Bragi"]
[Result "1/2-1/2"]
[PlyCount "29"]
[EventDate "2009.09.01"]
[EventType "tourn"]
[EventRounds "11"]
[EventCountry "ISL"]
[EventCategory "5"]
[Source "lmi"]
[SourceDate "2009.09.01"]
[WhiteElo "2462"]
[BlackElo "2360"]

1. d4 d5 2. Bf4 Nf6 3. e3 c6 4. c4 Qb6 5. Qb3 e6 6. c5 Qa5+ 7. Nc3 Nbd7 8. Be2
b6 9. cxb6 axb6 10. Nf3 Be7 11. O-O O-O 12. Ne5 Nxe5 13. Bxe5 Ba6 14. Bc7 Nd7
15. Bxa6 1/2-1/2

[Event "Islandia ch 2009"]
[Site "Bolungarvik ISL"]
[Date "2009.09.07"]
[Round "7.4"]
[White "Bjornsson, Sigurbjorn"]
[Black "Olafsson, David"]
[Result "1-0"]
[PlyCount "109"]
[EventDate "2009.09.01"]
[EventType "tourn"]
[EventRounds "11"]
[EventCountry "ISL"]
[EventCategory "5"]
[Source "lmi"]
[SourceDate "2009.09.01"]
[WhiteElo "2287"]
[BlackElo "2327"]

1. e4 e5 2. Nf3 Nc6 3. Bb5 f5 4. Nc3 fxe4 5. Nxe4 Nf6 6. Qe2 Qe7 7. O-O d5 8.
Nxf6+ gxf6 9. d4 e4 10. Nh4 Bd7 11. Qh5+ Qf7 12. Qxf7+ Kxf7 13. f3 a6 14. Ba4
Kg7 15. fxe4 dxe4 16. Bf4 b5 17. Bb3 Re8 18. c3 Bd6 19. Rae1 Rhf8 20. Bxd6 cxd6
21. Bd5 Na5 22. Rxe4 Rxe4 23. Bxe4 Nc4 24. Bf5 Bxf5 25. Nxf5+ Kg6 26. Ne7+ Kf7
27. Nd5 Ke6 28. Nf4+ Kf5 29. Nd5+ Ke6 30. Nf4+ Kf5 31. g3 Ke4 32. Re1+ Kf3 33.
Rf1+ Ke4 34. Kf2 Nxb2 35. Re1+ Kf5 36. Kf3 Rc8 37. g4+ Kg5 38. h4+ Kh6 39. Nd5
Na4 40. Re3 Rc4 41. Kf4 Kg7 42. Kf5 b4 43. cxb4 Rxd4 44. Nxf6 Kf7 45. Nxh7 Rxb4
46. Ng5+ Kf8 47. h5 Nb6 48. h6 Nd5 49. Re4 Ne7+ 50. Ke6 Rxe4+ 51. Nxe4 d5 52.
h7 Kg7 53. Kxe7 dxe4 54. h8=Q+ Kxh8 55. Kf7 1-0

[Event "Islandia ch 2009"]
[Site "Bolungarvik ISL"]
[Date "2009.09.07"]
[Round "7.5"]
[White "Kjartansson, Gudmundur"]
[Black "Johannesson, Ingvar Thor"]
[Result "1-0"]
[PlyCount "61"]
[EventDate "2009.09.01"]
[EventType "tourn"]
[EventRounds "11"]
[EventCountry "ISL"]
[EventCategory "5"]
[Source "lmi"]
[SourceDate "2009.09.01"]
[WhiteElo "2413"]
[BlackElo "2323"]

1. Nf3 d5 2. c4 c6 3. e3 Nf6 4. Nc3 e6 5. d4 Nbd7 6. Bd3 dxc4 7. Bxc4 b5 8. Bd3
Bb7 9. O-O a6 10. a4 b4 11. Ne2 c5 12. Ng3 Bd6 13. b3 h5 14. Nd2 cxd4 15. exd4
Nb6 16. a5 Bxg3 17. hxg3 Nbd5 18. Qf3 h4 19. Ne4 Nxe4 20. Bxe4 f5 21. Bd3 Qf6
22. g4 g6 23. Re1 Kf7 24. Re5 fxg4 25. Qxg4 Rae8 26. Bg5 Qg7 27. Rae1 Bc8 28.
Rxd5 exd5 29. Qf4+ Bf5 30. Qc7+ Kf8 31. Rxe8+ 1-0

[Event "Islandia ch 2009"]
[Site "Bolungarvik ISL"]
[Date "2009.09.07"]
[Round "7.6"]
[White "Thorhallsson, Throstur"]
[Black "Gislason, Gudmundur"]
[Result "1-0"]
[PlyCount "65"]
[EventDate "2009.09.01"]
[EventType "tourn"]
[EventRounds "11"]
[EventCountry "ISL"]
[EventCategory "5"]
[Source "lmi"]
[SourceDate "2009.09.01"]
[WhiteElo "2433"]
[BlackElo "2348"]

1. e4 c5 2. Nf3 d6 3. d4 cxd4 4. Nxd4 Nf6 5. Nc3 a6 6. Bg5 e6 7. f4 Qc7 8. Qf3
Nbd7 9. O-O-O b5 10. Bd3 Bb7 11. Rhe1 Be7 12. Qg3 b4 13. Nd5 exd5 14. exd5 Kd8
15. Nc6+ Bxc6 16. dxc6 Nc5 17. Bh4 Bf8 18. Bc4 Ra7 19. Bd5 Qa5 20. Kb1 Qb6 21.
f5 Qb8 22. Bc4 Kc7 23. Bxf7 Kxc6 24. Bc4 Nfd7 25. Bd5+ Kb6 26. Qf4 a5 27. Bf2
Qc7 28. Rd4 Qd8 29. Be6 Nb8 30. Red1 Kc6 31. Rc4 Qe8 32. c3 bxc3 33. Rxc5+ 1-0

[Event "Islandia ch 2009"]
[Site "Bolungarvik ISL"]
[Date "2009.09.08"]
[Round "8.1"]
[White "Ornolfsson, Magnus Palmi"]
[Black "Gislason, Gudmundur"]
[Result "0-1"]
[PlyCount "80"]
[EventDate "2009.09.01"]
[EventType "tourn"]
[EventRounds "11"]
[EventCountry "ISL"]
[EventCategory "5"]
[Source "lmi"]
[SourceDate "2009.09.01"]
[WhiteElo "2214"]
[BlackElo "2348"]

1. e4 c5 2. Nf3 d6 3. c3 g6 4. d4 Nd7 5. Bc4 cxd4 6. Qb3 e6 7. cxd4 a6 8. Bg5
Ne7 9. Nc3 h6 10. Bh4 Qa5 11. O-O b5 12. Bxe6 fxe6 13. Qxe6 g5 14. Bg3 Ne5 15.
Qxd6 Nxf3+ 16. gxf3 Qd8 17. Qe5 Rg8 18. Nd5 Bg7 19. Nc7+ Kf7 20. Qc5 Bh3 21.
Rfd1 Rc8 22. Rac1 Qd7 23. b4 Rgd8 24. d5 Ng6 25. Qb6 Nf4 26. Rc6 Kg8 27. Bxf4
gxf4 28. Kh1 Qf7 29. Rg1 Qh5 30. Rc3 Kh7 31. Rd3 Be5 32. Ne6 Rg8 33. Qb7+ Kh8
34. Rxg8+ Rxg8 35. Qe7 Bg2+ 36. Kg1 Bxf3+ 37. Kf1 Rg1+ 38. Kxg1 Qg4+ 39. Kf1
Qg2+ 40. Ke1 Qg1+ 0-1

[Event "Islandia ch 2009"]
[Site "Bolungarvik ISL"]
[Date "2009.09.08"]
[Round "8.2"]
[White "Johannesson, Ingvar Thor"]
[Black "Thorhallsson, Throstur"]
[Result "1-0"]
[PlyCount "109"]
[EventDate "2009.09.01"]
[EventType "tourn"]
[EventRounds "11"]
[EventCountry "ISL"]
[EventCategory "5"]
[Source "lmi"]
[SourceDate "2009.09.01"]
[WhiteElo "2323"]
[BlackElo "2433"]

1. e4 c5 2. Nf3 e6 3. d3 Nc6 4. c3 d5 5. Qe2 Nf6 6. g3 Be7 7. Bg2 O-O 8. O-O b5
9. e5 Nd7 10. Nbd2 Rb8 11. Re1 Nb6 12. h4 c4 13. dxc4 bxc4 14. Nf1 Na4 15. Ng5
Nc5 16. Qh5 h6 17. Nf3 Nd3 18. Re2 Qe8 19. Ne1 f5 20. Qxe8 Rxe8 21. Nxd3 cxd3
22. Re1 Ba6 23. b3 Rec8 24. Bb2 Na5 25. Rab1 Nb7 26. Nd2 Nc5 27. f3 f4 28. Kh2
Nd7 29. Bh3 fxg3+ 30. Kxg3 Rb6 31. Rbd1 Kf7 32. f4 g6 33. Bg4 Nc5 34. Ba1 Bb7
35. Bf3 g5 36. hxg5 hxg5 37. b4 Nd7 38. Nb3 Rg8 39. Bh5+ Kf8 40. Nd4 gxf4+ 41.
Kxf4 Bg5+ 42. Kf3 d2 43. Rf1 Nxe5+ 44. Ke2+ Ke7 45. a4 Rh8 46. Rh1 Nc4 47. Bg4
Bf6 48. a5 Rd6 49. Rxh8 Bxh8 50. Rh1 Bxd4 51. Rh7+ Kf6 52. cxd4 Ba6 53. Rxa7
Ne3+ 54. Kxe3 Bc4 55. Kxd2 1-0